书目信息 |
| 题名: |
地球资源
|
|
| 作者: | 王渝生 主编 | |
| 分册: | ||
| 出版信息: | 北京 中国大百科全书出版社 2025.01 |
|
| 页数: | 128页 | |
| 开本: | 24cm | |
| 丛书名: | ||
| 单 册: | ||
| 中图分类: | X37-49 | |
| 科图分类: | ||
| 主题词: | 自然资源--zi ran zi yuan--普及读物 | |
| 电子资源: | ||
| ISBN: | 978-7-5202-1739-2 | |
| 000 | 00769nam0 2200229 450 | |
| 001 | 92060 | |
| 005 | 20250817171958.58 | |
| 010 | @a978-7-5202-1739-2@dCNY48.00 | |
| 100 | @a20250429d2025 em y0chiy50 ea | |
| 101 | 0 | @achi |
| 102 | @aCN@b110000 | |
| 105 | @aa z 000yy | |
| 106 | @ar | |
| 200 | 1 | @a地球资源@Adi qiu zi yuan@f王渝生主编 |
| 210 | @a北京@c中国大百科全书出版社@d2025.01 | |
| 215 | @a128页@c图 (部分彩图)@d24cm | |
| 330 | @a本书主要内容包括: 了解矿物的那些事 ; 自然元素矿物 ; 硫化物矿物 ; 氧化物矿物。具体内容包括: 矿物学 ; 矿物 ; 金矿 ; 银矿 ; 铜矿 ; 铁矿等。 | |
| 606 | 0 | @a自然资源@Azi ran zi yuan@j普及读物 |
| 690 | @aX37-49@v5 | |
| 701 | 0 | @a王渝生@Awang yu sheng@4主编 |
| 801 | 0 | @aCN@c20250909 |
| 905 | @a河南城建学院图书馆@dX37-49@eW440@f1 | |
| 地球资源/王渝生主编.-北京:中国大百科全书出版社,2025.01 |
| 128页:图 (部分彩图);24cm |
| ISBN 978-7-5202-1739-2:CNY48.00 |
| 本书主要内容包括: 了解矿物的那些事 ; 自然元素矿物 ; 硫化物矿物 ; 氧化物矿物。具体内容包括: 矿物学 ; 矿物 ; 金矿 ; 银矿 ; 铜矿 ; 铁矿等。 |
| ● |
| 相关链接 |
|
|
|
正题名:地球资源
索取号:X37-49/W440
 
预约/预借
| 序号 | 登录号 | 条形码 | 馆藏地/架位号 | 状态 | 备注 |
| 1 | 1626024 | 216260249 | 自科库501/501自科库 67排1列4层/ [索取号:X37-49/W440] | 在馆 |